000 00689 a2200229 4500
010 _aTML-30196
020 _c55.00
035 _aTM-28432
037 _bD.B.Act / pub /
082 _a294.5
090 _c99
_d99
100 _aMeivazhi Rajan Anandar
245 _aChidambara Ragasiyam
_cMeivazhi Rajan Anandar
246 _aசிதம்பர ரகசியம்
250 _a1st ed
260 _aChennai
_bKalaignan Pathippagam
_c2006
270 _a19, Kannadasan salai, T. Nagar
_bChennai
_e600017
300 _a176p
_c18cm
650 _aHindu Religion
942 _cTM
_k294.5 / MEI
999 _c99
_d99